中学校学習指導要領 = Teaching guidlines of junior high school
محفوظ في:
| التنسيق: | كتاب |
|---|---|
| اللغة: | Undetermined |
| منشور في: |
Japan
小森公明
1969
|
| الموضوعات: | |
| الوسوم: |
إضافة وسم
لا توجد وسوم, كن أول من يضع وسما على هذه التسجيلة!
|
| Thư viện lưu trữ: | Trung tâm Học liệu Trường Đại học Cần Thơ |
|---|
| LEADER | 00531nam a2200181Ia 4500 | ||
|---|---|---|---|
| 001 | CTU_232293 | ||
| 008 | 210402s9999 xx 000 0 und d | ||
| 082 | |a 373.952 | ||
| 082 | |b T253 | ||
| 245 | 0 | |a 中学校学習指導要領 = | |
| 245 | 0 | |b Teaching guidlines of junior high school | |
| 260 | |a Japan | ||
| 260 | |b 小森公明 | ||
| 260 | |c 1969 | ||
| 650 | |a Giáo dục, trung học,Education, Secondary | ||
| 650 | |z Nhật Bản,Japan | ||
| 910 | |a Tuyến | ||
| 980 | |a Trung tâm Học liệu Trường Đại học Cần Thơ | ||